SAT Words Click Quiz - G - Statistics

General Stats
  • This quiz has been taken 992 times
  • The average score is 10 of 15
Answer Stats
Hint Answer % Correct
Make gestures Gesticulate
86%
Food lover Gourmand
86%
Using overly fancy language Grandiloquent
82%
Tastelessly showy Gaudy
74%
Bend the knee or bow Genuflect
74%
Free; without charge Gratis
74%
Gather bit by bit Glean
69%
Sociable Gregarious
66%
Deceit or duplicity Guile
64%
Delicate or extremely fine Gossamer
63%
Related to taste Gustation
60%
Common sense; or, initiative Gumption
56%
Unneccessary or excessive Gratuitous
53%
Tediously talkative Garrulous
50%
Contradict or oppose Gainsay
48%
No matching quizzes found
Score Distribution
Percent of People with Each Score
Percentile by Number Answered
Your Score History
You have not taken this quiz